000 00673cam a22002533a 4500
001 880
003 PGUSA
005 20140828082954.0
008 970401s1997||||xxu|||||s|||||000 e eng d
040 _aPGUSA
_beng
042 _adc
050 4 _aQH
050 4 _aPS
100 1 _aLowell, James Russell,
_d1819-1891
245 1 0 _aMy Garden Acquaintance
_h[electronic resource] /
_cJames Russell Lowell
260 _bProject Gutenberg,
_c1997
506 _aPublic domain in the USA.
516 _aElectronic text
653 _aEssays
653 _aNatural history
830 0 _aProject Gutenberg
_v880
856 4 0 _uhttp://www.gutenberg.org/ebooks/880
942 _cEB
999 _c230231
_d230231